Zwycięzcy NBA 1947-2025 - Statystyki

Ogólne statystyki
  • Ten quiz został rozwiązany 97 razy
  • Średni wynik to 71 z 79
Statystyki odpowiedzi
Rok Zespół % Poprawnych
1949 Los Angeles Lakers
99%
1950 Los Angeles Lakers
99%
1952 Los Angeles Lakers
99%
1953 Los Angeles Lakers
99%
1954 Los Angeles Lakers
99%
1972 Los Angeles Lakers
99%
1980 Los Angeles Lakers
99%
1982 Los Angeles Lakers
99%
1985 Los Angeles Lakers
99%
1987 Los Angeles Lakers
99%
1988 Los Angeles Lakers
99%
2000 Los Angeles Lakers
99%
2001 Los Angeles Lakers
99%
2002 Los Angeles Lakers
99%
2009 Los Angeles Lakers
99%
2010 Los Angeles Lakers
99%
2020 Los Angeles Lakers
99%
1957 Boston Celtics
96%
1959 Boston Celtics
96%
1960 Boston Celtics
96%
1961 Boston Celtics
96%
1962 Boston Celtics
96%
1963 Boston Celtics
96%
1964 Boston Celtics
96%
1965 Boston Celtics
96%
1966 Boston Celtics
96%
1968 Boston Celtics
96%
1969 Boston Celtics
96%
1974 Boston Celtics
96%
1976 Boston Celtics
96%
1981 Boston Celtics
96%
1984 Boston Celtics
96%
1986 Boston Celtics
96%
2008 Boston Celtics
96%
2024 Boston Celtics
96%
1991 Chicago Bulls
95%
1992 Chicago Bulls
95%
1993 Chicago Bulls
95%
1996 Chicago Bulls
95%
1997 Chicago Bulls
95%
1998 Chicago Bulls
95%
1956 Golden State Warriors
94%
1975 Golden State Warriors
94%
2015 Golden State Warriors
94%
2017 Golden State Warriors
94%
2018 Golden State Warriors
94%
1999 San Antonio Spurs
93%
2003 San Antonio Spurs
93%
2005 San Antonio Spurs
93%
2007 San Antonio Spurs
93%
2014 San Antonio Spurs
93%
2006 Miami Heat
92%
2012 Miami Heat
92%
2013 Miami Heat
92%
2025 Oklahoma City Thunder
90%
1979 Seattle SuperSonics
90%
2016 Cleveland Cavaliers
89%
1971 Milwaukee Bucks
89%
2021 Milwaukee Bucks
89%
2019 Toronto Raptors
88%
2023 Denver Nuggets
86%
1947 Golden State Warriors
83%
2022 Golden State Warriors
83%
1994 Houston Rockets
82%
1995 Houston Rockets
82%
1970 New York Knicks
82%
1973 New York Knicks
82%
2011 Dallas Mavericks
81%
1989 Detroit Pistons
78%
1990 Detroit Pistons
78%
2004 Detroit Pistons
78%
1955 Philadelphia 76ers
71%
1967 Philadelphia 76ers
71%
1983 Philadelphia 76ers
71%
1951 Sacramento Kings
61%
1978 Washington Wizards
59%
1958 Atlanta Hawks
58%
1948 Washington Wizards
58%
1977 Portland Trail Blazers
55%
Nie znaleziono quizów pasujących do podanych kryteriów
Rozkład punktacji
Procent ludzi z każdym wynikiem
Percentyl według liczby udzielonych odpowiedzi
Twoja historia wyników
Nie rozwiązałeś tego quizu